Breslau und Krakau vom 13. bis 16. Jahrhundert
| Titel: | Breslau und Krakau vom 13. bis 16. Jahrhundert : Zwei Städteschicksale auf Kolonialboden |
|---|---|
| Verfasser: | |
| In: |
Verein für Geschichte Schlesiens: Zeitschrift des Vereins für Geschichte Schlesiens, Band 68 (1934), Seite 48-68 alle Artikel anzeigen |
| Veröffentlicht: | 1934 |
| Format: | Aufsatz |
| Sprache: | Deutsch |
X
alg: 39177846 001A $01999:11-11-16 001B $01999:26-04-21 $t20:12:25.000 001C $06050:19-11-16 $t08:45:21.000 001D $01999:11-11-16 001U $0utf8 001X $00 002@ $0Aox 003@ $0391778463 007A $0391778463 $aHEB 007T $0Herda03422 010@ $ager 011@ $a1934 021A $aBreslau und Krakau vom 13. bis 16. Jahrhundert $dZwei Städteschicksale auf Kolonialboden 028A $aPetry $dLudwig 031A $d68 $h48-68 $j1934 039B $aIn $8--Abvc--Verein für Geschichte Schlesiens [Tb1]. Zeitschrift des Vereins für Geschichte Schlesiens. - Breslau : Trewendt & Garnier, 1906-1943 $x193400000680000952 $9047252138 045F $a307.09438 $eDDC23BSB 045F/01 $a307.09 045F/03 $g438 045F/03 $g4385 045T $a9,10 lok: 39177846 78 exp: 39177846 78 1 #EPN 201B/01 $026-11-17 $t23:22:50.000 201U/01 $0utf8 203@/01 $078787342X 208@/01 $a11-11-16 $be 209A/01 $a/ $f000 $x00 220C/01 $aTitelaufnehmer: cs 244Z/01 $2Trx $#Silesia $#Śląsk $#Sliezsko $#Slezsko $8--Trx--Schlesien $x01 $9391173987 244Z/01 $2Trx $#Poola $#Lenkija $#Polija $#Polen Land $#Poland $#Lengyelország $#Poľsko $#Polsko $8--Trx--Polska$gkraj $x02 $9391345966 244Z/01 $#Breslau $#Wrocław $#Wrotizla $#Breßlau $#Breßlaw $#Vroclav $#Vratislav $#Vratislavia $#Vratislauiae $#Bresslau $#Wratislavia $#Brassel $#Bresla $#Wratislava $#Smirna $#Breslavia $#Wroclaw $74008216-7 $8--Tg1--Breslau $x03 $9085014184 244Z/01 $#Krakau $#Kraków $#Cracovie $#Cracovia $#Cracow $#Krakoi $#Krakov $#Cracov $74073760-3 $8--Tg1--Krakau $x04 $9085207705 244Z/01 $aGeschichte 1200-1600 $x05 244Z/01 $2Trx $#linnaõigus $#miestų teisė $#city law $#városjog $#prawa miejskie $#právo mestské $#právo městské $8--Trx--Stadtrecht $x06 $9391355015 244Z/01 $2Trx $#majandus kommunaalne $#komunalinis ūkis $#economy, local $#gazdaság, helyi $#gospodarka komunalna $#hospodárstvo, komunálne $#hospodářství komunální $#Gemeindewirtschaft $#Kommunalwirtschaft $8--Trx--Wirtschaft, kommunale $x07 $9391375768 244Z/01 $2Trx $#valitsus, kohalik $#municipalinė valdyba $#local administration $#közigazgatás, helyi $#administracja terenowa $#správa komunálna $#správa komunální $#Gemeindeverwaltung $#Autonomie $#samorząd terytorialny $#samorząd komunalny $#správa obecná $#autonómia $#správa obecní $#autonomie $8--Trx--Verwaltung, kommunale $x08 $9391365355 244Z/01 $2Trx $8--Trx--Zeitschriftenaufsatz $x09 $9391384341 245Z/01 $a09.02 $x01 247C/01 $82080>Marburg/Lahn, Herder-Institut, Forschungsbibliothek, Bibliographieportal $9336309341
| LEADER | 00000caa a22000002c 4500 | ||
|---|---|---|---|
| 001 | 391778463 | ||
| 003 | DE-603 | ||
| 005 | 20210426201225.0 | ||
| 007 | tu | ||
| 008 | 161111s1934 xx |||| | u00||u|ger c | ||
| 035 | |a (DE-599)HEB391778463 | ||
| 040 | |a DE-603 |b ger |c DE-603 |d DE-603 | ||
| 041 | |a ger | ||
| 082 | 0 | 4 | |8 1\u |a 307.09438 |q DE-101 |2 23/BSB |
| 084 | |a 9,10 |2 ssgn | ||
| 085 | |8 1\u |b 307.09 | ||
| 085 | |8 1\u |z 2 |s 438 | ||
| 085 | |8 1\u |z 2 |s 4385 | ||
| 100 | 1 | |a Petry, Ludwig | |
| 245 | 0 | 0 | |a Breslau und Krakau vom 13. bis 16. Jahrhundert |b Zwei Städteschicksale auf Kolonialboden |
| 264 | 0 | |c 1934 | |
| 773 | 0 | 8 | |i In |a Verein für Geschichte Schlesiens |t Zeitschrift des Vereins für Geschichte Schlesiens |d Breslau : Trewendt & Garnier, 1906-1943 |g Band 68 (1934), Seite 48-68 |w (DE-603)047252138 |w (DE-600)200433-1 |
| 924 | 0 | |9 2080 |a (DE-603)78787342X |b DE-2080 |c HES |d d |g / | |


